Vereadores / (Record no. 1002)
[ view plain ]
| 000 -LÍDER | |
|---|---|
| Campo Fixo de Controle | 00899nam a2200265 a 4500 |
| 001 - NÚMERO DE CONTROLE | |
| Campo de Controle | 1002 |
| 003 - IDENTIFICAÇÃO DO NÚMERO DE CONTROLE | |
| Campo de Controle | BR-CuiBMT |
| 005 - DATA E HORA DA ÚLTIMA ATUALIZAÇÃO | |
| Campo de Controle | 20231124231051.0 |
| 008 - DADOS FIXOS | |
| Dados Fixos | 231124s2009 mgba 001 0 por d |
| 020 ## - INTERNATIONAL STANDARD BOOK NUMBER | |
| Nº do ISBN | 9788577002252 |
| 040 ## - AGÊNCIA CATALOGADORA | |
| Código da Agência Catalogadora | BR-CuiBMT |
| Agência que transcreveu o registro | BR-CuiBMT |
| 080 ## - Nº DA CLASSIFICAÇÃO DECIMAL UNIVERSAL | |
| Nº edição CDU | 2007 |
| Nº Class. CDU | 352.075.26 |
| 090 ## - NÚMERO DE CHAMADA | |
| Nº classificação | 352.075.26 |
| Cutter | P372v |
| 100 1# - ENTRADA PRINCIPAL -- AUTOR PESSOAL | |
| Nome pessoal | Pedrosa, Fábio |
| 245 ## - TÍTULO PRINCIPAL | |
| Título principal | Vereadores / |
| Indicação de responsabilidade | Fábio Pedrosa, Rogério Almeida, Will Lacerda ; prefácio Carlos Maurício Figueiredo. |
| 246 14 - FORMAS VARIANTES DO TÍTULO | |
| Título principal | Vereadores : |
| Subtítulo | reflexões acerca dos entendimentos dos tribunais de contas e cortes judiciárias. |
| 260 ## - PUBLICAÇÃO, DISTRIBUIÇÃO, ETC. | |
| Local de publicação | Belo Horizonte : |
| Editora | Fórum, |
| Data | 2009 |
| 300 ## - DESCRIÇÃO FÍSICA | |
| N. páginas ou volumes | 152 p.: |
| Ilustrações | il. |
| Dimensões | 22 cm |
| 504 ## - NOTA DE BIBLIOGRAFIA, ETC. | |
| Nota de bibliografia | Inclui índice e bibliografia. |
| 650 ## - ASSUNTO TÓPICO | |
| Cabeçalho tópico ou nome geográfico | Câmaras municipais |
| Subdivisão geográfica | Brasil |
| 650 ## - ASSUNTO TÓPICO | |
| Cabeçalho tópico ou nome geográfico | Vereadores |
| Subdivisão geral | Estatuto legal, leis, etc.. |
| Subdivisão geográfica | Brasil |
| 700 ## - ENTRADA SECUNDÁRIA -- NOME PESSOAL | |
| Nome pessoal | Almeida, Rogério |
| 700 ## - ENTRADA SECUNDÁRIA -- NOME PESSOAL | |
| Nome pessoal | Lacerda, Will |
| 942 ## - ELEMENTOS DE ENTRADA ADICIONAIS (KOHA) | |
| Fonte de classificação ou esquema de arquivamento | Classificação Decimal Universal |
| Tipo de item do Koha | Livros |
| Estado: removido | Estado: perdido | Fonte de classificação ou esquema de arquivamento | Estado: danificado | Indisponível para empréstimo | Localização permanente | Localização atual | Data de aquisição | Total Checkouts | Número de Chamada completo | Código de barras | Date last seen | Número do exemplar | Preço efetivo a partir de | Tipo de item (Koha) |
|---|---|---|---|---|---|---|---|---|---|---|---|---|---|---|
| Classificação Decimal Universal | Biblioteca da Escola Superior de Contas do TCE/MT | Biblioteca da Escola Superior de Contas do TCE/MT | 02/04/2013 | 352.075.26 P372v | BIBTCEMT23111084 | 24/11/2023 | Ex. 1 | 24/11/2023 | Livros |